Toxicology of CNS depressants / (Record no. 11869)

000 -LEADER
fixed length control field 00513pam a2200181 a 4500
020 ## - INTERNATIONAL STANDARD BOOK NUMBER
ISBN 0849364779
040 ## - CATALOGING SOURCE
Transcribing agency DLC
082 00 - DEWEY DECIMAL CLASSIFICATION NUMBER
Classification number 615 CRC 1987 A039 Or.
245 00 - TITLE STATEMENT
Title Toxicology of CNS depressants /
260 ## - PUBLICATION, DISTRIBUTION, ETC. (IMPRINT)
Place of publication Boca Raton, Fla. :
Name of publisher CRC Press,
Year of publication c1987.
300 ## - PHYSICAL DESCRIPTION
Number of Pages 267 p. :
Other physical details ill. ;
Dimensions 26 cm.
650 #0 - SUBJECT ADDED ENTRY--TOPICAL TERM
Topical Term Central nervous system depressants
650 #0 - SUBJECT ADDED ENTRY--TOPICAL TERM
Topical Term Central nervous system depressants
650 #2 - SUBJECT ADDED ENTRY--TOPICAL TERM
Topical Term Central Nervous System Depressants
650 #2 - SUBJECT ADDED ENTRY--TOPICAL TERM
Topical Term Nervous System
700 1# - ADDED ENTRY--PERSONAL NAME
Personal name Ho, I. K.
942 ## - ADDED ENTRY ELEMENTS (KOHA)
Koha item type សៀវភៅភាសាអង់គ្លេស
952 ## - LOCATION AND ITEM INFORMATION (KOHA)
Withdrawn status [LOCAL, KOHA] 0
Holdings
Permanent Location Date acquired Koha item type Lost status Shelving location Barcode Current Location Full call number
Library Block A2017-08-08សៀវភៅភាសាអង់គ្លេស A056A12569Library Block A615 CRC 1987 A056 Or.
មជ្ឈមណ្ឌលឯការនៃសាកលវិទ្យាល័យភូមិន្ទកសិកម្មចំការដូង

Powered by Koha